Forensic medicine / (Record no. 5764)
[ view plain ]
| 000 -LEADER | |
|---|---|
| fixed length control field | 00652cam a2200205 a 4500 |
| 005 - DATE AND TIME OF LATEST TRANSACTION | |
| control field | 20250801132513.0 |
| 008 - FIXED-LENGTH DATA ELEMENTS--GENERAL INFORMATION | |
| fixed length control field | 860528s1985 enka 001 0 eng |
| 020 ## - INTERNATIONAL STANDARD BOOK NUMBER | |
| International Standard Book Number | 713141786 |
| 040 ## - CATALOGING SOURCE | |
| Original cataloging agency | KABLIB |
| Transcribing agency | KABLIB |
| Description conventions | rda |
| 082 00 - DEWEY DECIMAL CLASSIFICATION NUMBER | |
| Classification number | 614.1 |
| Edition number | 23 |
| Item number | SIM |
| 100 1# - MAIN ENTRY--PERSONAL NAME | |
| Personal name | Simpson, Keith, |
| Dates associated with a name | 1907-1985. |
| 9 (RLIN) | 14592 |
| 245 10 - TITLE STATEMENT | |
| Title | Forensic medicine / |
| Statement of responsibility, etc. | Keith Simpson with Bernard Knight. |
| 250 ## - EDITION STATEMENT | |
| Edition statement | 6th ed. |
| 260 ## - PUBLICATION, DISTRIBUTION, ETC. | |
| Place of publication, distribution, etc. | London ; |
| Name of publisher, distributor, etc. | Edward Arnold (Publishers) Ltd, |
| Date of publication, distribution, etc. | c1969. |
| 300 ## - PHYSICAL DESCRIPTION | |
| Extent | vii, 361 p. : |
| Other physical details | ill. ; |
| Dimensions | 23 cm. |
| 500 ## - GENERAL NOTE | |
| General note | Includes index. |
| 650 #0 - SUBJECT ADDED ENTRY--TOPICAL TERM | |
| Topical term or geographic name entry element | Medical jurisprudence. |
| 9 (RLIN) | 14593 |
| 650 #0 - SUBJECT ADDED ENTRY--TOPICAL TERM | |
| Topical term or geographic name entry element | Medical jurisprudence |
| Geographic subdivision | Great Britain. |
| 9 (RLIN) | 14594 |
| 942 ## - ADDED ENTRY ELEMENTS (KOHA) | |
| Source of classification or shelving scheme | Dewey Decimal Classification |
| Koha item type | Book |
| Withdrawn status | Lost status | Source of classification or shelving scheme | Damaged status | Not for loan | Home library | Current library | Shelving location | Date acquired | Total Checkouts | Full call number | Barcode | Date last seen | Price effective from | Koha item type |
|---|---|---|---|---|---|---|---|---|---|---|---|---|---|---|
| Dewey Decimal Classification | Education Library | Education Library | Open Access Section | 01.08.2025 | 614.1 SIM | 13952 | 01.08.2025 | 01.08.2025 | Book |